[Event "World Youth & Cadets Rapid Championships"]
[Site "Rhodes, Greece"]
[Date "2022.05.01"]
[Round "8.14"]
[White "Karvatskyi, Oleksii"]
[Black "Begmuratov, Khumoyun"]
[Result "1/2-1/2"]
[TimeControl "10'/game & 5\"/move"]
[WhiteElo "1919"]
[BlackElo "1977"]

1. e4 {[%clk 00:10:08]} {[%emt 00:00:01]} e5 {[%clk 00:10:06]} {[%emt
00:00:04]} 2. Nf3 {[%clk 00:10:10]} {[%emt 00:00:04]} Nc6 {[%clk 00:10:06]}
{[%emt 00:00:05]} 3. d4 {[%clk 00:10:11]} {[%emt 00:00:03]} exd4 {[%clk
00:09:58]} {[%emt 00:00:13]} 4. Nxd4 {[%clk 00:10:14]} {[%emt 00:00:02]} Nf6
{[%emt 00:00:04]} 5. Nxc6 {[%clk 00:10:16]} {[%emt 00:00:02]} bxc6 {[%clk
00:09:11]} {[%emt 00:00:54]} 6. e5 {[%clk 00:10:20]} {[%emt 00:00:02]} Qe7
{[%clk 00:09:13]} {[%emt 00:00:02]} 7. Qe2 {[%clk 00:10:24]} {[%emt 00:00:01]}
Nd5 {[%clk 00:09:15]} {[%emt 00:00:03]} 8. c4 {[%clk 00:10:27]} {[%emt
00:00:03]} Nb6 {[%clk 00:09:12]} {[%emt 00:00:08]} 9. h4 {[%clk 00:10:22]}
{[%emt 00:00:10]} Ba6 {[%clk 00:08:37]} {[%emt 00:00:40]} 10. b3 {[%clk
00:10:14]} {[%emt 00:00:13]} Qe6 {[%clk 00:08:13]} {[%emt 00:00:28]} 11. g3
{[%clk 00:10:04]} {[%emt 00:00:16]} Bb4+ {[%clk 00:07:44]} {[%emt 00:00:35]} 12.
Bd2 {[%clk 00:10:03]} {[%emt 00:00:06]} Bxd2+ {[%clk 00:07:47]} {[%emt
00:00:01]} 13. Nxd2 {[%clk 00:10:06]} {[%emt 00:00:02]} O-O {[%clk 00:07:37]}
{[%emt 00:00:15]} 14. Bh3 {[%clk 00:10:03]} {[%emt 00:00:08]} Qe7 {[%clk
00:07:35]} {[%emt 00:00:07]} 15. O-O {[%clk 00:09:38]} {[%emt 00:00:30]} Rfe8
{[%clk 00:07:07]} {[%emt 00:00:34]} 16. Rfe1 {[%clk 00:09:30]} {[%emt
00:00:12]} d5 {[%clk 00:06:53]} {[%emt 00:00:19]} 17. Rac1 {[%clk 00:08:36]}
{[%emt 00:00:59]} Rad8 {[%clk 00:06:11]} {[%emt 00:00:48]} 18. Nf3 {[%clk
00:06:45]} {[%emt 00:01:55]} dxc4 {[%clk 00:04:58]} {[%emt 00:01:18]} 19. bxc4
{[%clk 00:06:47]} {[%emt 00:00:02]} Bc8 {[%clk 00:03:29]} {[%emt 00:01:35]} 20.
Bxc8 {[%clk 00:06:37]} {[%emt 00:00:16]} Rxc8 {[%clk 00:03:32]} {[%emt
00:00:02]} 21. Nd4 {[%emt 00:00:23]} Nd7 {[%emt 00:04:00]} 22. Nf5 {[%clk
00:03:59]} {[%emt 00:00:11]} Qe6 {[%clk 00:01:53]} {[%emt 00:00:03]} 23. Qg4
{[%clk 00:03:57]} {[%emt 00:00:06]} g6 {[%emt 00:00:33]} 24. Nh6+ {[%clk
00:03:40]} {[%emt 00:00:11]} Kg7 {[%clk 00:01:17]} {[%emt 00:00:29]} 25. Qf4
Nxe5 {[%emt 00:00:34]} 26. Nxf7 {[%clk 00:01:00]} {[%emt 00:02:17]} Qxf7 {[%clk
00:00:49]} {[%emt 00:00:33]} 27. Rxe5 {[%clk 00:01:02]} {[%emt 00:00:02]} Qxf4
{[%clk 00:00:48]} {[%emt 00:00:06]} 28. gxf4 {[%clk 00:01:05]} {[%emt
00:00:02]} Rf8 {[%clk 00:00:42]} {[%emt 00:00:11]} 29. Re4 {[%clk 00:01:00]}
{[%emt 00:00:10]} Rce8 {[%clk 00:00:37]} {[%emt 00:00:10]} 30. Rce1 {[%clk
00:01:02]} {[%emt 00:00:03]} Rxe4 {[%clk 00:00:35]} {[%emt 00:00:07]} 31. Rxe4
{[%clk 00:01:06]} {[%emt 00:00:01]} Kf6 {[%clk 00:00:37]} {[%emt 00:00:04]} 32.
Rd4 {[%clk 00:00:32]} {[%emt 00:00:38]} Ke6 {[%clk 00:00:36]} {[%emt 00:00:06]}
33. Kg2 {[%clk 00:00:20]} {[%emt 00:00:17]} Rf5 {[%clk 00:00:24]} {[%emt
00:00:17]} 34. Kf3 {[%clk 00:00:13]} {[%emt 00:00:12]} Ra5 {[%clk 00:00:27]}
{[%emt 00:00:02]} 35. Rd2 {[%clk 00:00:13]} {[%emt 00:00:05]} Kf5 {[%clk
00:00:18]} {[%emt 00:00:14]} 36. Rd7 {[%clk 00:00:14]} {[%emt 00:00:05]} Ra3+
{[%clk 00:00:22]} {[%emt 00:00:01]} 37. Kg2 {[%clk 00:00:16]} {[%emt 00:00:02]}
Rxa2 {[%clk 00:00:12]} {[%emt 00:00:15]} 38. Rxh7 {[%clk 00:00:14]} {[%emt
00:00:07]} Rc2 {[%clk 00:00:11]} {[%emt 00:00:06]} 39. Rxc7 {[%clk 00:00:17]}
{[%emt 00:00:02]} Rxc4 {[%clk 00:00:13]} {[%emt 00:00:03]} 40. Rxa7 {[%clk
00:00:17]} {[%emt 00:00:06]} Rxf4 {[%clk 00:00:15]} {[%emt 00:00:02]} 41. Ra5+
{[%clk 00:00:20]} {[%emt 00:00:02]} Kg4 {[%clk 00:00:12]} {[%emt 00:00:07]} 42.
Rc5 {[%clk 00:00:15]} {[%emt 00:00:10]} Kxh4 {[%clk 00:00:08]} {[%emt
00:00:10]} 43. Rxc6 {[%clk 00:00:18]} {[%emt 00:00:02]} Kg5 {[%clk 00:00:12]}
44. Rc5+ {[%clk 00:00:15]} {[%emt 00:00:09]} Kf6 {[%clk 00:00:16]} 45. Rc3
{[%clk 00:00:17]} {[%emt 00:00:01]} Rb4 {[%clk 00:00:18]} {[%emt 00:00:04]} 46.
Rc5 {[%clk 00:00:20]} {[%emt 00:00:02]} g5 {[%clk 00:00:21]} {[%emt 00:00:03]}
47. Ra5 {[%clk 00:00:21]} {[%emt 00:00:03]} Kg6 {[%clk 00:00:25]} {[%emt
00:00:01]} 48. Rc5 {[%clk 00:00:18]} {[%emt 00:00:08]} Kh5 {[%clk 00:00:29]} 49.
Rd5 {[%clk 00:00:16]} {[%emt 00:00:07]} Kg4 {[%clk 00:00:29]} {[%emt 00:00:04]}
50. Rc5 {[%clk 00:00:18]} {[%emt 00:00:04]} Rd4 {[%clk 00:00:30]} {[%emt
00:00:04]} 51. Ra5 {[%clk 00:00:22]} {[%emt 00:00:02]} Kf4 {[%clk 00:00:33]}
{[%emt 00:00:01]} 52. Ra8 {[%clk 00:00:20]} {[%emt 00:00:07]} g4 {[%clk
00:00:31]} {[%emt 00:00:07]} 53. Rf8+ {[%clk 00:00:20]} {[%emt 00:00:04]} Kg5
{[%clk 00:00:35]} {[%emt 00:00:02]} 54. Rg8+ {[%clk 00:00:24]} Kf5 {[%clk
00:00:39]} {[%emt 00:00:01]} 55. Rf8+ {[%clk 00:00:27]} {[%emt 00:00:01]} Kg5
{[%clk 00:00:43]} 56. Rg8+ {[%clk 00:00:31]} {[%emt 00:00:01]} 1/2-1/2

[Event "World Youth & Cadets Rapid Championships"]
[Site "Rhodes, Greece"]
[Date "2022.05.01"]
[Round "8.15"]
[White "Kuru, Atilla"]
[Black "Dotzer, Lukas"]
[Result "0-1"]
[TimeControl "10'/game & 5\"/move"]
[WhiteElo "2023"]
[BlackElo "1618"]

1. e4 {[%clk 00:10:09]} c6 {[%clk 00:10:08]} {[%emt 00:00:03]} 2. d4 {[%clk
00:10:11]} {[%emt 00:00:02]} d5 {[%clk 00:10:12]} {[%emt 00:00:01]} 3. Nc3
{[%clk 00:10:14]} {[%emt 00:00:02]} dxe4 {[%clk 00:10:15]} {[%emt 00:00:01]} 4.
Nxe4 {[%clk 00:10:18]} {[%emt 00:00:02]} Nf6 {[%clk 00:10:19]} {[%emt
00:00:01]} 5. Ng3 {[%clk 00:10:15]} {[%emt 00:00:07]} Bg4 {[%clk 00:10:09]}
{[%emt 00:00:15]} 6. Nf3 {[%clk 00:10:11]} {[%emt 00:00:09]} e6 {[%clk
00:10:00]} {[%emt 00:00:15]} 7. c3 {[%clk 00:10:11]} {[%emt 00:00:05]} Nbd7
{[%clk 00:09:55]} {[%emt 00:00:10]} 8. Bd3 {[%clk 00:10:12]} {[%emt 00:00:04]}
Bd6 {[%clk 00:09:56]} {[%emt 00:00:04]} 9. O-O {[%clk 00:10:14]} {[%emt
00:00:03]} O-O {[%clk 00:09:57]} {[%emt 00:00:04]} 10. h3 {[%clk 00:10:18]}
Bxf3 {[%clk 00:09:37]} {[%emt 00:00:25]} 11. Qxf3 {[%clk 00:10:20]} {[%emt
00:00:02]} Qc7 {[%clk 00:09:29]} {[%emt 00:00:14]} 12. Bg5 {[%clk 00:10:18]}
{[%emt 00:00:07]} Bxg3 {[%clk 00:08:38]} {[%emt 00:00:56]} 13. fxg3 {[%clk
00:10:20]} {[%emt 00:00:02]} h6 {[%clk 00:08:41]} {[%emt 00:00:03]} 14. Bf4
{[%clk 00:10:21]} {[%emt 00:00:04]} Qb6 {[%clk 00:08:03]} {[%emt 00:00:43]} 15.
Rf2 {[%clk 00:10:22]} {[%emt 00:00:03]} Nd5 {[%clk 00:07:15]} {[%emt 00:00:54]}
16. Bd6 {[%clk 00:10:03]} {[%emt 00:00:24]} c5 {[%clk 00:06:44]} {[%emt
00:00:37]} 17. Bxf8 {[%clk 00:09:55]} {[%emt 00:00:12]} Rxf8 {[%clk 00:06:46]}
{[%emt 00:00:03]} 18. dxc5 {[%clk 00:09:56]} {[%emt 00:00:03]} Nxc5 {[%emt
00:00:12]} 19. Bc2 {[%clk 00:09:52]} {[%emt 00:00:08]} f5 {[%clk 00:06:00]}
{[%emt 00:00:46]} 20. b4 {[%clk 00:09:45]} {[%emt 00:00:11]} Nd7 {[%clk
00:05:54]} {[%emt 00:00:11]} 21. Re1 {[%clk 00:09:40]} {[%emt 00:00:10]} N7f6
{[%clk 00:05:24]} {[%emt 00:00:36]} 22. Kh1 {[%clk 00:09:17]} {[%emt 00:00:25]}
Nxc3 {[%clk 00:04:55]} {[%emt 00:00:37]} 23. Bb3 {[%clk 00:08:50]} {[%emt
00:00:30]} Nfe4 {[%clk 00:03:56]} {[%emt 00:01:06]} 24. Rc2 {[%clk 00:08:48]}
{[%emt 00:00:04]} Qxb4 {[%clk 00:03:54]} {[%emt 00:00:09]} 25. Bxe6+ {[%clk
00:08:51]} {[%emt 00:00:03]} Kh8 {[%clk 00:03:58]} {[%emt 00:00:01]} 26. Bxf5
{[%clk 00:08:08]} {[%emt 00:00:47]} Rxf5 {[%clk 00:04:00]} {[%emt 00:00:03]} 27.
Qe3 {[%clk 00:07:32]} {[%emt 00:00:42]} Qc5 {[%clk 00:02:18]} {[%emt 00:01:47]}
28. Kh2 {[%clk 00:04:32]} {[%emt 00:03:04]} Qxe3 {[%clk 00:01:47]} {[%emt
00:00:37]} 29. Rxe3 {[%clk 00:04:36]} {[%emt 00:00:01]} Rc5 {[%clk 00:01:51]}
30. g4 {[%clk 00:04:14]} {[%emt 00:00:25]} Kg8 {[%clk 00:01:23]} {[%emt
00:00:35]} 31. Rd3 {[%clk 00:04:02]} {[%emt 00:00:16]} b5 {[%clk 00:01:14]}
{[%emt 00:00:14]} 32. Rd8+ {[%clk 00:03:59]} {[%emt 00:00:08]} Kh7 {[%clk
00:01:13]} {[%emt 00:00:07]} 33. Rd7 {[%clk 00:04:02]} {[%emt 00:00:02]} a5
{[%clk 00:01:12]} {[%emt 00:00:06]} 34. a3 {[%clk 00:03:25]} {[%emt 00:00:42]}
Kg6 {[%clk 00:01:08]} {[%emt 00:00:08]} 35. Rb2 {[%clk 00:03:20]} {[%emt
00:00:10]} Kf6 {[%clk 00:01:07]} {[%emt 00:00:07]} 36. Rb7 {[%clk 00:03:19]}
{[%emt 00:00:06]} g6 {[%clk 00:00:58]} {[%emt 00:00:14]} 37. Ra7 {[%clk
00:03:21]} {[%emt 00:00:03]} a4 {[%clk 00:00:58]} {[%emt 00:00:05]} 38. Ra6+
{[%clk 00:03:17]} {[%emt 00:00:09]} Kg5 {[%clk 00:00:48]} {[%emt 00:00:14]} 39.
g3 {[%clk 00:03:19]} {[%emt 00:00:03]} Nd5 {[%clk 00:00:25]} {[%emt 00:00:30]}
40. h4+ {[%clk 00:03:12]} {[%emt 00:00:11]} Kxg4 {[%clk 00:00:28]} {[%emt
00:00:02]} 41. Rxg6+ {[%clk 00:03:15]} {[%emt 00:00:01]} Kf3 {[%clk 00:00:31]}
{[%emt 00:00:02]} 42. Rxh6 {[%clk 00:02:56]} {[%emt 00:00:24]} Ne3 {[%clk
00:00:33]} {[%emt 00:00:04]} 43. Rb6 {[%clk 00:02:30]} {[%emt 00:00:27]} Ng4+
{[%clk 00:00:33]} {[%emt 00:00:09]} 44. Kh3 {[%clk 00:02:25]} {[%emt 00:00:10]}
Rc1 {[%clk 00:00:34]} {[%emt 00:00:04]} 45. Rf6+ {[%clk 00:01:31]} {[%emt
00:00:59]} Ngxf6 {[%emt 00:01:02]} 0-1

[Event "World Youth & Cadets Rapid Championships"]
[Site "Rhodes, Greece"]
[Date "2022.05.01"]
[Round "8.16"]
[White "Korelskiy, Egor"]
[Black "Balint, Peter"]
[Result "1-0"]
[TimeControl "10'/game & 5\"/move"]
[WhiteElo "1822"]
[BlackElo "1721"]

1. e4 {[%clk 00:10:07]} {[%emt 00:00:02]} c5 {[%clk 00:10:02]} {[%emt
00:00:10]} 2. Nf3 {[%clk 00:10:10]} {[%emt 00:00:02]} e6 {[%clk 00:10:06]} 3.
Qe2 {[%clk 00:10:13]} {[%emt 00:00:02]} Nc6 {[%clk 00:10:01]} {[%emt 00:00:10]}
4. g3 {[%clk 00:10:17]} {[%emt 00:00:02]} d6 {[%clk 00:10:00]} {[%emt
00:00:06]} 5. Bg2 {[%clk 00:10:19]} {[%emt 00:00:01]} g6 {[%clk 00:10:00]}
{[%emt 00:00:06]} 6. e5 {[%clk 00:10:12]} {[%emt 00:00:13]} Bg7 {[%clk
00:09:35]} {[%emt 00:00:29]} 7. exd6 {[%clk 00:10:15]} {[%emt 00:00:02]} Qxd6
{[%clk 00:09:38]} {[%emt 00:00:02]} 8. O-O {[%clk 00:10:15]} {[%emt 00:00:05]}
Nf6 {[%clk 00:09:30]} {[%emt 00:00:13]} 9. d3 {[%clk 00:10:14]} {[%emt
00:00:06]} O-O {[%clk 00:09:30]} {[%emt 00:00:05]} 10. Na3 {[%clk 00:10:16]}
{[%emt 00:00:04]} Qe7 {[%clk 00:09:07]} {[%emt 00:00:28]} 11. Nc4 {[%clk
00:10:05]} {[%emt 00:00:15]} Nd5 {[%clk 00:08:48]} {[%emt 00:00:25]} 12. a4
{[%clk 00:10:03]} {[%emt 00:00:07]} b6 {[%clk 00:08:06]} {[%emt 00:00:47]} 13.
c3 {[%clk 00:08:50]} {[%emt 00:01:17]} Bb7 {[%clk 00:07:32]} {[%emt 00:00:40]}
14. Re1 {[%clk 00:08:39]} {[%emt 00:00:14]} Rac8 {[%clk 00:07:07]} {[%emt
00:00:31]} 15. Ng5 {[%clk 00:08:20]} {[%emt 00:00:24]} Nf6 {[%clk 00:06:52]}
{[%emt 00:00:20]} 16. Bf4 {[%clk 00:08:17]} {[%emt 00:00:08]} Rfd8 {[%clk
00:06:54]} {[%emt 00:00:04]} 17. Ne5 {[%clk 00:06:06]} {[%emt 00:02:15]} Nxe5
{[%clk 00:05:17]} {[%emt 00:01:43]} 18. Bxe5 {[%clk 00:06:06]} {[%emt
00:00:05]} Bxg2 {[%clk 00:05:15]} {[%emt 00:00:06]} 19. Kxg2 {[%clk 00:06:08]}
{[%emt 00:00:03]} h6 {[%clk 00:04:41]} {[%emt 00:00:39]} 20. Nf3 {[%clk
00:05:39]} {[%emt 00:00:34]} Rd5 {[%clk 00:04:33]} {[%emt 00:00:13]} 21. d4
{[%clk 00:05:40]} {[%emt 00:00:05]} Qb7 {[%clk 00:04:17]} {[%emt 00:00:21]} 22.
dxc5 {[%clk 00:05:18]} {[%emt 00:00:27]} Rcxc5 {[%clk 00:04:02]} {[%emt
00:00:20]} 23. Kg1 {[%clk 00:04:48]} {[%emt 00:00:35]} Rc8 {[%clk 00:03:33]}
{[%emt 00:00:34]} 24. Rad1 {[%clk 00:03:16]} {[%emt 00:01:36]} Rcd8 {[%clk
00:03:02]} {[%emt 00:00:37]} 25. Bd4 {[%clk 00:02:46]} {[%emt 00:00:35]} Kh7
{[%clk 00:02:39]} {[%emt 00:00:28]} 26. Rd2 {[%clk 00:02:26]} {[%emt 00:00:24]}
Rf5 {[%clk 00:01:30]} {[%emt 00:01:16]} 27. Nh4 {[%clk 00:01:57]} {[%emt
00:00:33]} Ra5 {[%clk 00:01:20]} {[%emt 00:00:14]} 28. b3 {[%clk 00:01:40]}
{[%emt 00:00:22]} e5 {[%clk 00:01:12]} {[%emt 00:00:14]} 29. Be3 {[%clk
00:01:22]} {[%emt 00:00:22]} Rxd2 {[%clk 00:01:15]} {[%emt 00:00:02]} 30. Bxd2
{[%clk 00:01:16]} {[%emt 00:00:11]} e4 {[%clk 00:01:16]} {[%emt 00:00:06]} 31.
c4 {[%clk 00:01:17]} {[%emt 00:00:02]} Re5 {[%clk 00:01:11]} {[%emt 00:00:10]}
32. Bc3 {[%clk 00:01:11]} {[%emt 00:00:12]} Re6 {[%clk 00:01:15]} 33. Ng2
{[%clk 00:01:11]} {[%emt 00:00:04]} Re8 {[%clk 00:00:19]} {[%emt 00:01:02]} 34.
Bxf6 {[%clk 00:01:07]} {[%emt 00:00:09]} Bxf6 {[%clk 00:00:23]} 35. Ne3 {[%clk
00:01:06]} {[%emt 00:00:06]} Bd4 {[%clk 00:00:24]} {[%emt 00:00:04]} 36. Nd5
{[%clk 00:01:09]} Kg7 {[%clk 00:00:27]} {[%emt 00:00:02]} 37. Qd2 {[%clk
00:01:10]} {[%emt 00:00:04]} Be5 {[%clk 00:00:06]} {[%emt 00:00:27]} 38. Rxe4
{[%clk 00:01:07]} {[%emt 00:00:08]} f5 {[%clk 00:00:10]} {[%emt 00:00:01]} 39.
Rxe5 {[%clk 00:01:06]} {[%emt 00:00:06]} Rxe5 {[%clk 00:00:11]} {[%emt
00:00:04]} 40. Qd4 {[%clk 00:01:09]} {[%emt 00:00:01]} Qb8 {[%clk 00:00:07]}
{[%emt 00:00:09]} 41. f4 {[%clk 00:01:13]} {[%emt 00:00:02]} Kf7 {[%clk
00:00:11]} 42. Qxe5 {[%clk 00:01:16]} {[%emt 00:00:02]} Qd8 {[%clk 00:00:16]}
43. Qc7+ {[%clk 00:01:18]} {[%emt 00:00:03]} Qxc7 44. Nxc7 {[%clk 00:01:21]}
Ke7 {[%clk 00:00:22]} {[%emt 00:00:02]} 45. Kf2 {[%clk 00:01:24]} {[%emt
00:00:01]} Kd6 {[%clk 00:00:26]} 46. Nb5+ {[%clk 00:01:28]} Kc5 {[%clk
00:00:30]} {[%emt 00:00:02]} 47. Nxa7 {[%clk 00:01:32]} {[%emt 00:00:01]} Kb4
{[%clk 00:00:34]} 48. Nc8 {[%clk 00:01:35]} {[%emt 00:00:02]} 1-0